| 000 | 00535 a2200181 4500 | ||
|---|---|---|---|
| 003 | OSt | ||
| 005 | 20260309132940.0 | ||
| 008 | 260309b |||||||| |||| 00| 0 eng d | ||
| 020 | _a9788196325732 | ||
| 040 | _coclc | ||
| 082 |
_a892.709 _bJAL/A |
||
| 100 |
_aJaleel, T K _98575 |
||
| 245 |
_aAl Tha-ayush / _cJaleel T K, Dr. Muhammed Riyas K |
||
| 250 | _a1ST ED. | ||
| 260 |
_aMALAPPURAM: _bVICTORY BOOKS AND PUBLICATIONS. _c2025, |
||
| 300 | _a79 PAGES | ||
| 942 |
_2ddc _cBK _h892.709 _iJAL/A _k892.709 _mJAL/A |
||
| 999 |
_c44694 _d44694 |
||